000 00705 a2200217 4500
001 60607
005 20260407155857.0
008 260407a1993 arg spa d
003 AR-UNSa-BCEJYS
040 _aAR-UNSa-BCEJYS
_bspa
_cAR-UNSa-BCEJYS
080 _a371.12
_xPersonal docente. Otro personal
245 1 0 _aEl tiempo instructivo
_pEstudiando el aula
020 _a978-950-701-201-3
264 1 _aBuenos Aires :
_bAique Grupo Editor
_c1993
300 _a99 p.
_c22 cm.
505 _a1. Conceptos y metáforas para la descripción del aula - 2. Las maestras – 3. Las variables del aula
041 _aspa
942 _cBK
590 _aniveau_biblio:m niveau_hierar:0
100 1 _aGibaja, Regina
999 _c7065
_d7065